| 000 | 00363nam a22001457a 4500 | ||
|---|---|---|---|
| 008 | 160430b xxu||||| |||| 00| 0 eng d | ||
| 020 | _a2900763735554 | ||
| 020 | _a076.724920 | ||
| 020 | _a0763738980 | ||
| 020 | _a0763738999 | ||
| 041 | _aeng | ||
| 080 | _a612.39 | ||
| 245 |
_aDiscovering nutrition: _cPaul Insel; R.Elaine Turner; Don Ross; |
||
| 942 |
_2udc _cBK |
||
| 999 |
_c1707 _d1707 |
||